Diálogos en Transición. Constitución, Política y Sociedad.
I tiakina i:
| Kaituhi matua: | |
|---|---|
| Ētahi atu kaituhi: | |
| Hōputu: | Tē mōhiotia |
| Reo: | Ingarihi |
| I whakaputaina: |
Santiago, Chile:
Gráfica LOM,
2021.
|
| Rangatū: | Colección Insurgente.
|
| Ngā marau: | |
| Ngā Tūtohu: |
Tāpirihia he Tūtohu
Kāore He Tūtohu, Me noho koe te mea tuatahi ki te tūtohu i tēnei pūkete!
|
MARC
| LEADER | 00000 a2200000 4500 | ||
|---|---|---|---|
| 003 | CL-VaPUC | ||
| 005 | 20220923090131.0 | ||
| 008 | 220912t2021 ||||| |||| 00| 0 eng d | ||
| 999 | |c 438629 |d 438627 | ||
| 020 | |a 978-956-404-130-8 | ||
| 040 | |c Pontificia Universidad Católica de Valparaíso | ||
| 082 | |2 22 |a 342.8303 POZ 2021 | ||
| 100 | |a Pozo Silva, Nelson |e autor |9 876408 | ||
| 245 | |a Diálogos en Transición. Constitución, Política y Sociedad. | ||
| 250 | |b Primera edición. | ||
| 260 | |a Santiago, Chile: |b Gráfica LOM, |c 2021. | ||
| 300 | |a 162 páginas. | ||
| 490 | |a Colección Insurgente. | ||
| 583 | |k Cristina María Rojas Aguilar |c 20220912 | ||
| 650 | 0 | |9 605626 |a Constitución |x Reformas |y Siglo XXI |z Chile | |
| 650 | 0 | |9 859036 |a Estallido social |d 2019 |x Conflictos políticos y sociales |z Chile | |
| 650 | 0 | |9 256302 |a Políticos |v Entrevistas |y 2010-2011 |z Chile | |
| 700 | |9 876533 |a Benítez González, Jorge |e editor | ||
| 942 | |2 ddc |c BK | ||
| 952 | |0 0 |1 0 |2 ddc |4 0 |6 342_830300000000000_POZ_2021 |7 0 |8 A |9 586620 |a BIBDER |b BIBDER |c GEN |d 2022-09-08 |e 22 |g 11900.00 |i 5654581 |o 342.8303 POZ 2021 |p 5654581 |r 2023-01-25 |t 1 |v 11900.00 |w 2022-09-08 |y BK |k DER | ||